| 000 | 00622nam a2200241 a 4500 | ||
|---|---|---|---|
| 001 | nice12345678 | ||
| 003 | IN_TiNIC | ||
| 005 | 20260116011635.0 | ||
| 008 | 050524s1971 newa grp 000 0 eng | ||
| 020 |
_a0687994 _c129 |
||
| 082 | 0 | 0 |
_a220.7 _bLAY |
| 100 | _aLaymon, Charles M | ||
| 245 | _aInterpreter`s One-Volume Commentary on the Bible | ||
| 260 |
_aNew York _bAbingdon Press _c1971 |
||
| 300 | _a1386p | ||
| 500 | _aincludes index and biblioraphy | ||
| 505 | 2 | _aIndices, Maps | |
| 650 | _aBible-Commentaries | ||
| 700 | 1 | _aLaymon, Charles M | |
| 902 | _bRHR | ||
| 942 | _cBK | ||
| 999 |
_c3052 _d3052 |
||